[Event "DSOL 2021"]
[Site "Germany"]
[Date "2021.02.08"]
[Round "3.3"]
[White "Johannsen, Dennis"]
[Black "Lorenz, Roger"]
[Result "1/2-1/2"]
[WhiteElo "2126"]
[BlackElo "2187"]
[Annotator "TA"]
[PlyCount "89"]
[EventDate "2021.01.18"]
[EventType "team-tourn"]
[EventCountry "GER"]
[SourceTitle "playchess.com"]
[Source "ChessBase"]
[SourceQuality "1"]

1. c4 Nf6 2. Nf3 g6 3. g3 Bg7 4. Bg2 O-O 5. O-O c6 6. d4 d5 7. Bf4 dxc4 8. Qc1 b5 9. a4 Bb7 10. Nc3 a6 11. Rd1 Nd5 12. Bh6 Nd7 13. Bxg7 Kxg7 14. e4 Nb4 15. Qd2 Qb6 16. Ne1 c5 17. d5 Ne5 18. Bf1 Nbd3 19. Bxd3 cxd3 20. Qf4 f6 21. Nxd3 Nxd3 22. Rxd3 c4 23. Rdd1 b4 24. a5 Qc5 25. Ne2 Bc8 26. Nd4 Bd7 27. e5 fxe5 28. Qxe5+ Kg8 29. Rd2 c3 30. Rc2 cxb2 31. Rxb2 Rab8 32. Kg2 Rb7 33. f4 Qc3 34. Rab1 Rf7 35. Nf3 Qc5 36. Qd4 Qxa5 37. Rxb4 Rxb4 38. Rxb4 Rf8 39. Rb7 Qa2+ 40. Nd2 Rd8 41. Kf2 Qa4 42. Ke3 Qxd4+ 43. Kxd4 Bc6 44. Rxe7 Rxd5+ 45. Kc3 1/2-1/2

[Event "DSOL 2021"]
[Site "Germany"]
[Date "2021.02.12"]
[Round "3.3"]
[White "Sabirov, Ramil"]
[Black "Waffenschmidt, Joachim"]
[Result "1-0"]
[WhiteElo "2125"]
[BlackElo "2071"]
[Annotator "TA"]
[PlyCount "137"]
[EventDate "2021.01.18"]
[EventType "team-tourn"]
[EventCountry "GER"]
[SourceTitle "playchess.com"]
[Source "ChessBase"]
[SourceQuality "1"]
[WhiteTeam "Porz"]
[BlackTeam "Hofheim"]

1. Nf3 d5 2. c4 c6 3. e3 Nf6 4. Nc3 g6 5. d4 Bg7 6. Be2 O-O 7. h3 a6 8. O-O dxc4 9. Bxc4 b5 10. Bd3 Nbd7 11. e4 Bb7 12. Re1 Qc7 13. e5 Nd5 14. Nxd5 cxd5 15. Bg5 f6 16. exf6 exf6 17. Rc1 Qb8 18. Bh4 Bh6 19. Bg3 Bf4 20. Bxf4 Qxf4 21. Qe2 Rae8 22. Qxe8 Rxe8 23. Rxe8+ Kf7 24. Rce1 Qd6 25. h4 Nf8 26. Nd2 Bc6 27. R8e7+ Qxe7 28. Rxe7+ Kxe7 29. Nb3 Ne6 30. g3 Kd6 31. h5 Be8 32. f4 a5 33. Nxa5 Nxd4 34. Kf2 Ne6 35. Nb3 gxh5 36. Ke3 h6 37. Nd4 Nc7 38. Nf5+ Kc5 39. a3 d4+ 40. Nxd4 Nd5+ 41. Ke4 b4 42. axb4+ Nxb4 43. Be2 Bg6+ 44. f5 Bf7 45. Ne6+ Kd6 46. Nf4 Nd5 47. Nxh5 Bxh5 48. Bxh5 Nb4 49. Be8 Kc5 50. Ba4 Nd5 51. Bb3 Nb4 52. Be6 Nc2 53. Kf4 Nd4 54. Kg4 Ne2 55. Kh4 Kb4 56. Bd5 Nd4 57. Be6 Ne2 58. Kg4 Kc5 59. Bc8 Nd4 60. Kh5 Ne2 61. g4 Kd4 62. Kxh6 Ke5 63. g5 fxg5 64. Kxg5 Ng3 65. Kg6 Ne4 66. b4 Nd6 67. f6 Nxc8 68. f7 Ne7+ 69. Kh7 1-0

[Event "DSOL 2021"]
[Site "Germany"]
[Date "2021.02.10"]
[Round "3.3"]
[White "Otto, Andreas"]
[Black "Dawid, Adalbert"]
[Result "1/2-1/2"]
[WhiteElo "2108"]
[BlackElo "1620"]
[Annotator "TA"]
[PlyCount "77"]
[EventDate "2021.01.18"]
[EventType "team-tourn"]
[EventCountry "GER"]
[SourceTitle "playchess.com"]
[Source "ChessBase"]
[SourceQuality "1"]

1. c4 Nf6 2. Nc3 e5 3. g3 Bc5 4. Bg2 O-O 5. Nf3 Nc6 6. O-O Re8 7. d3 d6 8. Bg5 h6 9. Bxf6 Qxf6 10. Ne4 Qe7 11. Nxc5 dxc5 12. Qd2 Rb8 13. b3 Bf5 14. Nh4 Bd7 15. Rad1 Nd4 16. e3 Nf5 17. Nxf5 Bxf5 18. d4 b6 19. e4 Bg4 20. f3 Bc8 21. dxe5 Qxe5 22. f4 Qe7 23. e5 Bg4 24. Bf3 Rbd8 25. Qe2 Bxf3 26. Qxf3 Rd4 27. Rxd4 cxd4 28. Qc6 Rd8 29. Rd1 Qc5 30. Qxc5 bxc5 31. Kf2 a5 32. Kf3 a4 33. Ke4 Kf8 34. f5 Ke7 35. g4 c6 36. h4 Ra8 37. Rb1 axb3 38. Rxb3 Ra7 39. Rb6 1/2-1/2

[Event "DSOL 2021"]
[Site "Germany"]
[Date "2021.02.11"]
[Round "3.3"]
[White "Hinkmann, Jens"]
[Black "Poetsch, Matthias"]
[Result "0-1"]
[WhiteElo "2104"]
[BlackElo "1903"]
[Annotator "TA"]
[PlyCount "68"]
[EventDate "2021.01.18"]
[EventType "team-tourn"]
[EventCountry "GER"]
[SourceTitle "playchess.com"]
[Source "ChessBase"]
[SourceQuality "1"]

1. Nc3 d5 2. d4 Nf6 3. Bg5 e6 4. e4 dxe4 5. Nxe4 Be7 6. Bxf6 Bxf6 7. Nf3 O-O 8. c3 b6 9. Bd3 Bb7 10. h4 Nd7 11. Qe2 c5 12. dxc5 Nxc5 13. Nxc5 bxc5 14. Rd1 Qc7 15. Ng5 g6 16. Ne4 Bg7 17. h5 Rab8 18. hxg6 hxg6 19. O-O Be5 20. Ng5 Bh2+ 21. Kh1 Kg7 22. Be4 Rh8 23. Nh3 Bxe4 24. Qxe4 Rxb2 25. f4 Bg3 26. Rf3 Bh4 27. a4 Bf6 28. Rfd3 Qb6 29. Rd7 Qb3 30. Kg1 Rxh3 31. gxh3 Bxc3 32. R7d3 Qc2 33. Qf3 Bb4 34. Rf1 Qh2# 0-1

[Event "DSOL 2021"]
[Site "Germany"]
[Date "2021.02.10"]
[Round "3.3"]
[White "Bennemann, Ingmar"]
[Black "von Knobloch, Benedikt"]
[Result "0-1"]
[WhiteElo "2085"]
[BlackElo "1516"]
[Annotator "TA"]
[PlyCount "60"]
[EventDate "2021.01.18"]
[EventType "team-tourn"]
[EventCountry "GER"]
[SourceTitle "playchess.com"]
[Source "ChessBase"]
[SourceQuality "1"]

1. d4 c5 2. d5 e5 3. e4 d6 4. Bd3 g6 5. f4 exf4 6. Bxf4 Bg7 7. c3 Nf6 8. Nf3 O-O 9. O-O Bg4 10. Nbd2 Nh5 11. Bg5 Qxg5 12. Nxg5 Bxd1 13. Raxd1 h6 14. Nh3 Nf6 15. Nc4 Ne8 16. a4 Nd7 17. Nf2 Ne5 18. Nxe5 Bxe5 19. Ng4 h5 20. Ne3 Nf6 21. Nc4 Nd7 22. g3 b6 23. Rf2 Kg7 24. Bf1 Rae8 25. Bh3 Nf6 26. Nd2 h4 27. g4 g5 28. Rf5 Bf4 29. Nf3 Nxe4 30. Bf1 Be3+ 0-1

[Event "DSOL 2021"]
[Site "Germany"]
[Date "2021.02.11"]
[Round "3.3"]
[White "Quante, Lennart"]
[Black "Schulze, Lara"]
[Result "0-1"]
[WhiteElo "2079"]
[BlackElo "2285"]
[Annotator "TA"]
[PlyCount "56"]
[EventDate "2021.01.18"]
[EventType "team-tourn"]
[EventCountry "GER"]
[SourceTitle "playchess.com"]
[Source "ChessBase"]
[SourceQuality "1"]

1. d4 Nf6 2. Nf3 e6 3. g3 b5 4. Bg2 Bb7 5. O-O c5 6. a4 b4 7. c4 Be7 8. d5 exd5 9. Nh4 O-O 10. cxd5 d6 11. Nf5 Re8 12. Nxe7+ Qxe7 13. Re1 Nbd7 14. a5 a6 15. Nd2 Bxd5 16. Bxd5 Nxd5 17. Nc4 Qe6 18. e4 Nc3 19. bxc3 Qxc4 20. cxb4 cxb4 21. Bf4 Ne5 22. Bxe5 dxe5 23. Qh5 Rac8 24. Rad1 b3 25. Rd7 b2 26. Rb7 g6 27. Qe2 Qxe2 28. Rxe2 Rc1+ 0-1

[Event "DSOL 2021"]
[Site "Germany"]
[Date "2021.02.12"]
[Round "3.3"]
[White "Heldt, Maximilian"]
[Black "Kemper, Yannick"]
[Result "1/2-1/2"]
[WhiteElo "2072"]
[BlackElo "1733"]
[Annotator "TA"]
[PlyCount "79"]
[EventDate "2021.01.18"]
[EventType "team-tourn"]
[EventCountry "GER"]
[SourceTitle "playchess.com"]
[Source "ChessBase"]
[SourceQuality "1"]
[WhiteTeam "Katernberg/Essen"]
[BlackTeam "Ludwigshafen"]

1. c4 Nf6 2. g3 g6 3. Bg2 Bg7 4. e4 d6 5. Ne2 O-O 6. O-O c5 7. Nbc3 Nc6 8. d3 a6 9. f4 Rb8 10. a4 Bd7 11. Nd5 Nxd5 12. cxd5 Nb4 13. Qb3 b5 14. a5 Bg4 15. Bf3 Qd7 16. Bd2 Bh3 17. Rfb1 e6 18. Bxb4 cxb4 19. dxe6 Bxe6 20. Qxb4 Rbc8 21. Rc1 Qa7+ 22. d4 Rc4 23. Rxc4 Bxc4 24. Rd1 Re8 25. Qxd6 Bxe2 26. Bxe2 Rxe4 27. Qd8+ Bf8 28. Bf3 Re3 29. Kf2 Rb3 30. Rd2 Qe7 31. Qxe7 Bxe7 32. Bb7 Bb4 33. Rc2 Bxa5 34. Bxa6 Bb6 35. Rd2 Rxb2 36. Rxb2 Bxd4+ 37. Kf3 Bxb2 38. Bxb5 Kg7 39. h3 h6 40. g4 1/2-1/2

[Event "DSOL 2021"]
[Site "Germany"]
[Date "2021.02.12"]
[Round "3.3"]
[White "Foerster, Erik"]
[Black "Grigorian, Spartak"]
[Result "0-1"]
[WhiteElo "2065"]
[BlackElo "2458"]
[Annotator "TA"]
[PlyCount "110"]
[EventDate "2021.01.18"]
[EventType "team-tourn"]
[EventCountry "GER"]
[SourceTitle "playchess.com"]
[Source "ChessBase"]
[SourceQuality "1"]
[WhiteTeam "Heidesheim"]
[BlackTeam "Werder Bremen"]

1. d4 f5 2. Bg5 Nf6 3. Bxf6 exf6 4. e3 d5 5. Bd3 Be6 6. Qf3 g6 7. Ne2 Nc6 8. c3 Qd7 9. Nd2 Bd6 10. Nf4 Ne7 11. h4 h5 12. O-O-O Bf7 13. Kb1 O-O-O 14. c4 c6 15. g3 dxc4 16. Bxc4 Bxc4 17. Nxc4 Bc7 18. Rc1 Rhg8 19. Nd3 Nd5 20. Nc5 Qe7 21. Rhe1 Rge8 22. Qd1 Bb6 23. Nxb6+ axb6 24. Nd3 Nb4 25. Nxb4 Qxb4 26. Re2 Kc7 27. Rec2 Rd5 28. Qf3 Qd6 29. Qf4 Qxf4 30. gxf4 Kd6 31. Rg1 Rg8 32. f3 Ke6 33. Rcg2 Kf7 34. Kc2 c5 35. dxc5 bxc5 36. e4 fxe4 37. fxe4 Rd4 38. f5 Rxe4 39. fxg6+ Kg7 40. Rd2 Kh6 41. Rd7 Rg7 42. Rd8 Rxg6 43. Rh8+ Kg7 44. Rxg6+ Kxg6 45. Rb8 Rxh4 46. Rxb7 Re4 47. Kd3 f5 48. Rb8 h4 49. Rh8 Kg5 50. b3 Kg4 51. a4 h3 52. a5 Re6 53. Rg8+ Kh5 54. Rg3 Kh4 55. Rg8 Rh6 0-1

[Event "DSOL 2021"]
[Site "Germany"]
[Date "2021.02.11"]
[Round "3.3"]
[White "Nagelsdiek, Michael"]
[Black "Gremmel, Jonas Simon"]
[Result "0-1"]
[WhiteElo "2063"]
[BlackElo "2021"]
[Annotator "ChessBase"]
[PlyCount "78"]
[EventDate "2021.01.18"]
[EventType "team-tourn"]
[EventCountry "GER"]
[SourceTitle "playchess.com"]
[Source "ChessBase"]
[SourceQuality "1"]

1. d4 d5 2. Nf3 Nf6 3. Bg5 e6 4. e3 Be7 5. Nbd2 O-O 6. Bd3 b6 7. Ne5 Bb7 8. O-O c5 9. c3 Nbd7 10. f4 Ne4 11. Bxe7 Qxe7 12. Nxd7 Qxd7 13. Qc2 f5 14. Nf3 Nf6 15. Qe2 a5 16. Ne5 Qe7 17. g4 fxg4 18. Nxg4 Nxg4 19. Qxg4 Rf6 20. Rf3 Ba6 21. Bc2 Be2 22. Bxh7+ Kf8 23. Raf1 Bxf3 24. Rxf3 Rh6 25. Bc2 Qh4 26. Qxh4 Rxh4 27. f5 Ke7 28. Rg3 exf5 29. Rxg7+ Kf6 30. Rb7 Rg8+ 31. Kf1 Rxh2 32. Rxb6+ Kg5 33. Bd3 cxd4 34. exd4 Kf4 35. Re6 Rxb2 36. Re5 Rg5 37. Rxd5 Ke3 38. Rxf5 Rxf5+ 39. Bxf5 Rf2+ 0-1

[Event "DSOL 2021"]
[Site "Germany"]
[Date "2021.02.11"]
[Round "3.3"]
[White "Khachatryan, Taron"]
[Black "Tica, Sven"]
[Result "1/2-1/2"]
[WhiteElo "2056"]
[BlackElo "2402"]
[Annotator "TA"]
[PlyCount "176"]
[EventDate "2021.01.18"]
[EventType "team-tourn"]
[EventCountry "GER"]
[SourceTitle "playchess.com"]
[Source "ChessBase"]
[SourceQuality "1"]

1. Nf3 Nf6 2. c4 g6 3. d4 Bg7 4. g3 d6 5. Bg2 O-O 6. O-O Nc6 7. Nc3 e5 8. dxe5 dxe5 9. Qxd8 Rxd8 10. Bg5 Be6 11. Nd2 h6 12. Bxf6 Rxd2 13. Bxg7 Kxg7 14. b3 Rad8 15. Bxc6 bxc6 16. f3 Rc2 17. Rac1 Rdd2 18. Kf2 h5 19. Ke3 Bf5 20. Rh1 Rb2 21. h4 f6 22. Rhg1 Kf7 23. g4 Be6 24. gxh5 gxh5 25. Rgd1 Rxd1 26. Rxd1 f5 27. Rg1 Kf6 28. Rg5 Bf7 29. Rg1 f4+ 30. Kf2 Bg6 31. Na4 Rxa2 32. Nc5 Bf5 33. Rg5 Ra5 34. b4 Ra2 35. Rxh5 Rb2 36. Rh6+ Ke7 37. Rxc6 Rxb4 38. Rxc7+ Kd6 39. Na6 Rb1 40. c5+ Kd5 41. Rxa7 Rh1 42. Rf7 Bc8 43. Nb4+ Kxc5 44. Nd3+ Kd4 45. Re7 Bh3 46. Nxf4 exf4 47. Re4+ Kd5 48. Rxf4 Ke5 49. Rf8 Be6 50. f4+ Ke4 51. Re8 Kxf4 52. Rxe6 Rh2+ 53. Ke1 Rxh4 54. Kd2 Kf5 55. Re8 Rg4 56. Kd3 Ra4 57. e3 Rb4 58. e4+ Kf6 59. Ke3 Ra4 60. Kf4 Kf7 61. Rb8 Ke6 62. Rb6+ Ke7 63. Kf5 Ra1 64. Rb7+ Ke8 65. e5 Ra2 66. Rb8+ Ke7 67. Rb7+ Ke8 68. Kf6 Re2 69. Rg7 Rf2+ 70. Ke6 Kf8 71. Rb7 Re2 72. Rb8+ Kg7 73. Rd8 Re1 74. Rd2 Ra1 75. Ke7 Ra7+ 76. Rd7 Ra8 77. e6 Kg6 78. Rb7 Kg7 79. Rc7 Kg6 80. Rd7 Kg7 81. Kd6+ Kf8 82. Rf7+ Ke8 83. Rh7 Ra6+ 84. Ke5 Ra1 85. Rh8+ Ke7 86. Rh7+ Ke8 87. Rh8+ Ke7 88. Rh7+ Ke8 1/2-1/2

[Event "DSOL 2021"]
[Site "Germany"]
[Date "2021.02.08"]
[Round "3.3"]
[White "Mews, Bernhard"]
[Black "Esser, Jochen"]
[Result "0-1"]
[WhiteElo "2053"]
[BlackElo "1620"]
[Annotator "RC"]
[PlyCount "72"]
[EventDate "2021.01.18"]
[EventType "team-tourn"]
[EventCountry "GER"]
[SourceTitle "playchess.com"]
[Source "ChessBase"]
[SourceQuality "1"]

1. d4 Nf6 2. Nc3 d5 3. Bf4 a6 4. e3 e6 5. g4 Bb4 6. Nge2 O-O 7. a3 Be7 8. Ng3 c5 9. g5 Ne8 10. h4 Nc6 11. Qd2 b5 12. Rg1 Qb6 13. Nce2 b4 14. axb4 cxb4 15. Nh5 b3 16. c3 a5 17. Nf6+ Kh8 18. Nxe8 Rxe8 19. Ng3 a4 20. Bd3 a3 21. Kf1 Ba6 22. Kg2 Bxd3 23. Qxd3 axb2 24. Rab1 Na5 25. h5 Nc4 26. g6 f5 27. h6 hxg6 28. hxg7+ Kxg7 29. Be5+ Nxe5 30. dxe5 Ra1 31. Rxb2 Rxg1+ 32. Kxg1 Ba3 33. Rb1 b2 34. Ne2 Ra8 35. Nf4 Be7 36. Qf1 Rh8 0-1

[Event "DSOL 2021"]
[Site "Germany"]
[Date "2021.02.11"]
[Round "3.3"]
[White "Weder, Axel"]
[Black "Hagenbach, Udo"]
[Result "1-0"]
[WhiteElo "2040"]
[BlackElo "2134"]
[Annotator "TA"]
[PlyCount "129"]
[EventDate "2021.01.18"]
[EventType "team-tourn"]
[EventCountry "GER"]
[SourceTitle "playchess.com"]
[Source "ChessBase"]
[SourceQuality "1"]

1. c4 c5 2. Nc3 Nf6 3. g3 d5 4. cxd5 Nxd5 5. Bg2 Nc7 6. d3 e5 7. Nf3 Nc6 8. O-O Be7 9. Be3 Bd7 10. Qd2 Rc8 11. Rac1 O-O 12. h4 Ne6 13. Nd5 Bd6 14. Ng5 b6 15. Ne4 Bb8 16. h5 f5 17. Ng5 f4 18. gxf4 exf4 19. Nxe6 fxe3 20. Qxe3 Qh4 21. Qh3 Qxh3 22. Bxh3 Rfe8 23. Nxg7 Bxh3 24. Nxe8 Rxe8 25. Nf6+ Kf7 26. Nxe8 Bxf1 27. Kxf1 Kxe8 28. Kg2 Be5 29. b3 Nb4 30. Rc4 Kf7 31. a3 Nd5 32. e3 Bb2 33. a4 Ke6 34. Kg3 Nf6 35. Kh4 h6 36. f4 Kf5 37. b4 cxb4 38. Rxb4 Bc1 39. Rb5+ Ke6 40. Re5+ Kd6 41. Kg3 Bb2 42. d4 Bc1 43. Rf5 Ke6 44. Re5+ Kd6 45. Kf3 Bb2 46. Rf5 Ke6 47. Rb5 Bc3 48. Re5+ Kd6 49. f5 Nxh5 50. Re6+ Kd5 51. Rg6 Bd2 52. e4+ Kxd4 53. Rd6+ Kc3 54. Rxd2 Kxd2 55. e5 Ng7 56. Ke4 h5 57. f6 Ne6 58. Kf5 Nd4+ 59. Kg5 Nf3+ 60. Kf4 Nd4 61. f7 Ne6+ 62. Kf5 Nf8 63. e6 h4 64. e7 h3 65. exf8=Q 1-0

[Event "DSOL 2021"]
[Site "Germany"]
[Date "2021.02.11"]
[Round "3.3"]
[White "Derwiesh, Willi"]
[Black "Klapper, Juergen"]
[Result "0-1"]
[WhiteElo "2033"]
[BlackElo "1885"]
[Annotator "ChessBase"]
[PlyCount "97"]
[EventDate "2021.01.18"]
[EventType "team-tourn"]
[EventCountry "GER"]
[SourceTitle "playchess.com"]
[Source "ChessBase"]
[SourceQuality "1"]

1. e4 c5 2. Nf3 e6 3. d4 cxd4 4. Nxd4 Nf6 5. Nc3 Bb4 6. Bd3 d5 7. exd5 Nxd5 8. Bd2 Nxc3 9. bxc3 Be7 10. O-O O-O 11. f4 Nc6 12. Be3 Bf6 13. Qh5 g6 14. Qc5 Ne7 15. Rad1 Bd7 16. Be4 b6 17. Qd6 Rc8 18. g4 Nd5 19. Bxd5 exd5 20. f5 Qe7 21. Qf4 g5 22. Qf3 Rxc3 23. Rd3 Rxd3 24. cxd3 Re8 25. Bf2 Qd6 26. Qh3 Qf4 27. Nf3 Bb5 28. Rd1 Re2 29. Qg3 Qxg3+ 30. hxg3 Rxa2 31. Bd4 Bxd4+ 32. Nxd4 Bd7 33. Rc1 Rd2 34. Rc3 Kf8 35. Kf1 Ke7 36. Ke1 Rg2 37. Ne2 Kd6 38. d4 Bb5 39. Nc1 Bc4 40. Ra3 a5 41. Re3 a4 42. Nd3 Bxd3 43. Rxd3 b5 44. Kf1 Rb2 45. Ra3 Rb3 46. Ra2 a3 47. Ke1 b4 48. Kd1 Rxg3 49. Kc1 0-1

[Event "DSOL 2021"]
[Site "Germany"]
[Date "2021.02.09"]
[Round "3.3"]
[White "Haase, Wolfgang"]
[Black "Schroer, Klaus"]
[Result "1/2-1/2"]
[WhiteElo "2020"]
[BlackElo "2139"]
[Annotator "TA"]
[PlyCount "107"]
[EventDate "2021.01.18"]
[EventType "team-tourn"]
[EventCountry "GER"]
[SourceTitle "playchess.com"]
[Source "ChessBase"]
[SourceQuality "1"]

1. Nf3 Nf6 2. c4 e6 3. Nc3 d5 4. d4 c6 5. Bf4 dxc4 6. e3 b5 7. a4 b4 8. Nb1 Ba6 9. Qc2 b3 10. Qc1 Bb4+ 11. Nfd2 c5 12. Bxc4 O-O 13. Bxb8 Bxc4 14. Qxc4 Rxb8 15. O-O cxd4 16. Qxd4 Qxd4 17. exd4 Bxd2 18. Nxd2 Rfd8 19. Nf3 Nd5 20. Rfc1 Rdc8 21. Kf1 Nb4 22. Rxc8+ Rxc8 23. Ne1 Nc2 24. Rd1 Kf8 25. Rd3 Nxe1 26. Kxe1 Rc2 27. Rd2 Rc4 28. Rd3 Rxa4 29. Rxb3 Rxd4 30. Rb8+ Ke7 31. Rb7+ Rd7 32. Rb3 a5 33. Ke2 Kd6 34. Rb5 Ra7 35. Kd3 f6 36. Kd4 e5+ 37. Ke4 g6 38. Rb6+ Ke7 39. f4 exf4 40. Kxf4 a4 41. g4 h6 42. h4 Kf7 43. g5 fxg5+ 44. hxg5 h5 45. Rf6+ Kg7 46. Rb6 Kh7 47. Kg3 Kg8 48. Rxg6+ Rg7 49. Ra6 Rxg5+ 50. Kh4 Rg2 51. Kxh5 Rxb2 52. Rxa4 Rg2 53. Rg4+ Rxg4 54. Kxg4 1/2-1/2

[Event "DSOL 2021"]
[Site "Germany"]
[Date "2021.02.08"]
[Round "3.3"]
[White "Tonndorf, Matthias"]
[Black "Schaefer, Konstantin"]
[Result "1-0"]
[WhiteElo "2014"]
[BlackElo "1754"]
[Annotator "TA"]
[PlyCount "69"]
[EventDate "2021.01.18"]
[EventType "team-tourn"]
[EventCountry "GER"]
[SourceTitle "playchess.com"]
[Source "ChessBase"]
[SourceQuality "1"]

1. e4 c5 2. Nf3 Nc6 3. Nc3 g6 4. g3 Bg7 5. Bg2 d6 6. O-O e6 7. d3 Nge7 8. Be3 O-O 9. Qd2 a6 10. Bh6 b5 11. Bxg7 Kxg7 12. d4 b4 13. Na4 Qa5 14. b3 Rd8 15. a3 Qb5 16. Rfd1 a5 17. Bf1 Qb8 18. dxc5 dxc5 19. Qc1 Qa7 20. Rxd8 Nxd8 21. Qg5 Nec6 22. Qxc5 Qc7 23. Nb6 Rb8 24. Nc4 Nb7 25. Qe3 Bd7 26. axb4 Nxb4 27. Rd1 Kg8 28. Qh6 f6 29. e5 f5 30. Ng5 Bc8 31. Nd6 Nxd6 32. exd6 Qd7 33. Bc4 Nd5 34. Rxd5 exd5 35. Bxd5+ 1-0

[Event "DSOL 2021"]
[Site "Germany"]
[Date "2021.02.08"]
[Round "3.3"]
[White "Hart, Martin"]
[Black "Schulz, Michael"]
[Result "1/2-1/2"]
[WhiteElo "2010"]
[BlackElo "2168"]
[Annotator "TA"]
[PlyCount "104"]
[EventDate "2021.01.18"]
[EventType "team-tourn"]
[EventCountry "GER"]
[SourceTitle "playchess.com"]
[Source "ChessBase"]
[SourceQuality "1"]

1. e4 g6 2. Nc3 c6 3. g3 d5 4. Bg2 d4 5. Nce2 c5 6. d3 Nc6 7. f4 Bg7 8. Nf3 Bg4 9. h3 Bxf3 10. Bxf3 h5 11. O-O e6 12. a3 a5 13. Bd2 Nge7 14. Qe1 O-O 15. g4 hxg4 16. hxg4 Qd7 17. Kg2 f5 18. Ng3 Kf7 19. Qe2 Rh8 20. Rae1 Rh4 21. Rh1 Rah8 22. Rxh4 Rxh4 23. Rh1 Rxh1 24. Kxh1 Qd8 25. Kg2 a4 26. exf5 exf5 27. gxf5 Nxf5 28. Nxf5 gxf5 29. Bh5+ Kf6 30. Be1 Qd5+ 31. Bf3 Qd7 32. Bh4+ Kf7 33. Bh5+ Kf8 34. Bg6 b5 35. Qh5 Qd5+ 36. Kf2 Ne7 37. Bxe7+ Kxe7 38. Qxf5 Qxf5 39. Bxf5 c4 40. dxc4 bxc4 41. Kf3 Kd6 42. Ke4 c3 43. bxc3 dxc3 44. Bg6 Ke7 45. Kd3 Kf6 46. Be4 Bf8 47. Kxc3 Bxa3 48. Kc4 Bd6 49. f5 Ke5 50. Bd3 Be7 51. Kc3 a3 52. Kb3 Kd4 1/2-1/2

[Event "DSOL 2021"]
[Site "Germany"]
[Date "2021.02.10"]
[Round "3.3"]
[White "Ohler, Julius"]
[Black "Kersting, Martin"]
[Result "1/2-1/2"]
[WhiteElo "2010"]
[BlackElo "2172"]
[Annotator "TA"]
[PlyCount "33"]
[EventDate "2021.01.18"]
[EventType "team-tourn"]
[EventCountry "GER"]
[SourceTitle "playchess.com"]
[Source "ChessBase"]
[SourceQuality "1"]

1. d4 d6 2. c4 g6 3. Nc3 Bg7 4. e4 Nc6 5. Nf3 e5 6. d5 Nce7 7. Be2 f5 8. Bg5 h6 9. Bxe7 Nxe7 10. Qc2 O-O 11. O-O-O a6 12. Kb1 fxe4 13. Nxe4 Nf5 14. Bd3 c6 15. h4 cxd5 16. cxd5 Ne7 17. h5 1/2-1/2

[Event "DSOL 2021"]
[Site "Germany"]
[Date "2021.02.09"]
[Round "3.3"]
[White "Wolff, Christoph"]
[Black "Brockmann, Fabian"]
[Result "1-0"]
[WhiteElo "1994"]
[BlackElo "2003"]
[Annotator "TA"]
[PlyCount "39"]
[EventDate "2021.01.18"]
[EventType "team-tourn"]
[EventCountry "GER"]
[SourceTitle "playchess.com"]
[Source "ChessBase"]
[SourceQuality "1"]

1. e4 c5 2. Nf3 g6 3. d4 cxd4 4. Qxd4 Nf6 5. e5 Nc6 6. Qa4 Nd5 7. Qe4 Nb6 8. Nc3 d5 9. exd6 Qxd6 10. Nb5 Qb4+ 11. Qxb4 Nxb4 12. Nc7+ Kd8 13. Nxa8 Nxc2+ 14. Kd1 Nxa1 15. Nxb6 axb6 16. Be3 Bf5 17. Bxb6+ Kc8 18. Nd4 Bh6 19. Nxf5 gxf5 20. Bd3 1-0

[Event "DSOL 2021"]
[Site "Germany"]
[Date "2021.02.11"]
[Round "3.3"]
[White "Meyer, Irmin"]
[Black "Cuadrado, Guillermo"]
[Result "1-0"]
[WhiteElo "1965"]
[BlackElo "2114"]
[Annotator "RC"]
[PlyCount "89"]
[EventDate "2021.01.18"]
[EventType "team-tourn"]
[EventCountry "GER"]
[SourceTitle "playchess.com"]
[Source "ChessBase"]
[SourceQuality "1"]

1. e4 c5 2. c3 d5 3. exd5 Qxd5 4. d4 Nf6 5. Nf3 Bg4 6. Be2 e6 7. O-O Nc6 8. h3 Bh5 9. Be3 cxd4 10. cxd4 Be7 11. Nc3 Qd6 12. Qb3 O-O 13. Rfd1 Rfd8 14. a3 a6 15. Rac1 Na5 16. Qa2 Nc6 17. g3 Nd5 18. Nxd5 exd5 19. Qb3 Na5 20. Qc3 Nc6 21. g4 Bg6 22. Ne5 Rac8 23. Bf3 Qe6 24. Nxg6 fxg6 25. Qd2 Rd7 26. g5 Qxh3 27. Qe2 Bd6 28. Bxd5+ Rf7 29. Bxf7+ Kxf7 30. f4 Re8 31. Rc3 Qf5 32. Qg2 Re4 33. Bf2 Ne7 34. Re3 Rxe3 35. Bxe3 Nd5 36. Re1 h5 37. gxh6 gxh6 38. Bc1 Kf6 39. Qh1 Bxf4 40. Qh4+ Qg5+ 41. Qxg5+ hxg5 42. Kg2 Bc7 43. Rf1+ Nf4+ 44. Kg3 b5 45. Kg4 1-0

[Event "DSOL 2021"]
[Site "Germany"]
[Date "2021.02.12"]
[Round "3.3"]
[White "Winkler, Tim"]
[Black "Eggenstein, Frank"]
[Result "1/2-1/2"]
[WhiteElo "1928"]
[BlackElo "2001"]
[Annotator "TA"]
[PlyCount "72"]
[EventDate "2021.01.18"]
[EventType "team-tourn"]
[EventCountry "GER"]
[SourceTitle "playchess.com"]
[Source "ChessBase"]
[SourceQuality "1"]
[WhiteTeam "SF Deizisau II"]
[BlackTeam "Eckernförder SC I "]

1. e4 e6 2. d4 d5 3. exd5 exd5 4. Bd3 Nc6 5. Nf3 Bg4 6. c3 Bd6 7. O-O Nge7 8. Re1 Qd7 9. b4 f6 10. a4 O-O 11. Be3 Rfe8 12. Nbd2 Nf5 13. Qc2 g6 14. h3 Nxe3 15. Rxe3 Rxe3 16. fxe3 Bxf3 17. Nxf3 Bg3 18. a5 f5 19. b5 Nd8 20. a6 Qe6 21. Qd2 b6 22. c4 dxc4 23. Ng5 Qd5 24. Be2 Rc8 25. Qc3 Qd6 26. Rf1 h6 27. Bxc4+ Kg7 28. Nf3 Kh7 29. e4 f4 30. e5 Qe7 31. Nd2 c6 32. Ne4 Ne6 33. bxc6 Rxc6 34. d5 Rc8 35. d6 Qf7 36. Bxe6 Qxe6 1/2-1/2

[Event "DSOL 2021"]
[Site "Germany"]
[Date "2021.02.11"]
[Round "3.3"]
[White "Rose, Torsten"]
[Black "Gast, Rainer"]
[Result "1/2-1/2"]
[WhiteElo "1895"]
[BlackElo "1932"]
[Annotator "ChessBase"]
[PlyCount "55"]
[EventDate "2021.01.18"]
[EventType "team-tourn"]
[EventCountry "GER"]
[SourceTitle "playchess.com"]
[Source "ChessBase"]
[SourceQuality "1"]

1. d4 Nf6 2. c4 e6 3. Nc3 d5 4. cxd5 exd5 5. Bg5 c6 6. e3 Bf5 7. Bd3 Bxd3 8. Qxd3 Be7 9. Nf3 Nbd7 10. O-O O-O 11. Rac1 Ne4 12. Bxe7 Qxe7 13. Nd2 Ndf6 14. a3 a5 15. Na4 Nxd2 16. Qxd2 Ne4 17. Qd3 Rfe8 18. Nc5 Nd6 19. Qc3 g6 20. Rc2 f5 21. Nd3 Nc4 22. a4 Rf8 23. b3 Nd6 24. Qc5 Rfe8 25. Ne5 Nf7 26. Qxe7 Rxe7 27. Nxf7 Kxf7 28. Rb1 1/2-1/2

[Event "DSOL 2021"]
[Site "Germany"]
[Date "2021.02.09"]
[Round "3.3"]
[White "Blome, Johannes"]
[Black "Felten, Joachim"]
[Result "0-1"]
[WhiteElo "1849"]
[BlackElo "1904"]
[Annotator "TA"]
[PlyCount "92"]
[EventDate "2021.01.18"]
[EventType "team-tourn"]
[EventCountry "GER"]
[SourceTitle "playchess.com"]
[Source "ChessBase"]
[SourceQuality "1"]

1. e4 e6 2. d4 d5 3. Nc3 Bb4 4. Nge2 dxe4 5. a3 Bxc3+ 6. Nxc3 Nc6 7. Bb5 Nge7 8. Nxe4 O-O 9. c3 Qd5 10. Bxc6 Qxc6 11. Qe2 f5 12. Ng5 Qxg2 13. Rf1 Bd7 14. Bf4 Nd5 15. Bd2 f4 16. h4 h6 17. Nf3 Bb5 18. Qxb5 Qxf3 19. Qe2 Qxe2+ 20. Kxe2 Rf5 21. Kd3 Rd8 22. Rae1 Kf7 23. Re4 c5 24. Rfe1 cxd4 25. cxd4 Rh5 26. Bxf4 Rxh4 27. Bg3 Rxe4 28. Rxe4 g5 29. Re2 h5 30. Rc2 h4 31. Be5 g4 32. Ke2 Kg6 33. Kf1 Kg5 34. Kg2 a6 35. b3 Rf8 36. a4 Rf3 37. b4 Nxb4 38. Rc7 Nd3 39. Rg7+ Kf5 40. Rxb7 Rxf2+ 41. Kg1 g3 42. Rh7 Nxe5 43. dxe5 Kg4 44. Rh6 Ra2 45. Rxe6 Ra1+ 46. Kg2 h3# 0-1